00339pam a2200145a 44500008004100000020000900041041000800050082001000058100001300068245005400081250000600135260003500141300000800176650000900184230515b1995 xxu||||| |||| 00| 0 eng d aNULL aENG a618.1 aDawn C S aText book of Gynaecology and contraception 12thed a0 aNULLb"Dawns book, nd, "c1995 a703 aN.D.